000 00321nam a2200133 i 4500
001 bg
245 0 _aSystem maszyn rolniczych.
_nCz. 6,
_pPrzemysłowe przygotowanie pasz.
250 _aWyd. 6.
260 _aWarszawa,
_c1982.
040 _cBPK
041 _apol
942 _cKS
008 s pl f |000 0 pol
999 _c1228
_d1228
856 _uhttp://koha.tu.koszalin.pl/cgi-bin/koha/opac-detail.pl?biblionumber=1228
_yKatalog online BPK